Compulsory purchase changes (Record no. 72326)

MARC details
000 -LEADER
fixed length control field 01151cam a2200217 4500
001 - CONTROL NUMBER
control field WB3911-02
008 - FIXED-LENGTH DATA ELEMENTS--GENERAL INFORMATION
fixed length control field 030320n2003 000 0 eng u
035 ## - SYSTEM CONTROL NUMBER
System control number (Sirsi) u121698
245 ## - TITLE STATEMENT
Title Compulsory purchase changes
260 ## - PUBLICATION, DISTRIBUTION, ETC.
Date of publication, distribution, etc. 2003
490 ## - SERIES STATEMENT
Series statement RICS Press Release
Volume/sequential designation (022) 19 March 2003, (2)
520 ## - SUMMARY, ETC.
Summary, etc. RICS recommends local authorities with compulsory purchase powers to no longer consider them as only a 'last resort' to be used after all other means have been tried and failed. A new government circular (02/03 Compulsory Purchase Orders) encourages Local Authorities to start compulsory purchase at a much earlier stage of a project, thereby speeding up the land acquistion process. For the news release: http://www.rics.org/ricscms/bin/show?class=PressRelease&template=/includes/showpr.html&id=882&faculty=RICS
590 ## - LOCAL NOTE (RLIN)
Local note WB
650 ## - SUBJECT ADDED ENTRY--TOPICAL TERM
Topical term or geographic name entry element COMPULSORY PURCHASE POWERS
650 ## - SUBJECT ADDED ENTRY--TOPICAL TERM
Topical term or geographic name entry element COMPULSORY PURCHASE ORDERS
650 ## - SUBJECT ADDED ENTRY--TOPICAL TERM
Topical term or geographic name entry element CIRCULAR 02/03
650 ## - SUBJECT ADDED ENTRY--TOPICAL TERM
Topical term or geographic name entry element AIRPORT DEVELOPMENT
650 ## - SUBJECT ADDED ENTRY--TOPICAL TERM
Topical term or geographic name entry element THAMES GATEWAY
690 ## - LOCAL SUBJECT ADDED ENTRY--TOPICAL TERM (OCLC, RLIN)
Topical term or geographic name as entry element ENVIRONMENTAL AND LAND CONSULTANCY-PLANNING AND DEVELOPMENT-COMPULSORY PURCHASE AND COMPENSATION
942 ## - ADDED ENTRY ELEMENTS (KOHA)
Suppress in OPAC 0
Holdings
Withdrawn status Lost status Source of classification or shelving scheme Damaged status Not for loan Home library Current library Shelving location Date acquired Total Checkouts Full call number Barcode Date last seen Copy number Price effective from Koha item type
    Dewey Decimal Classification     London London News article 20/03/2003   WB3911-02 121698-1001 06/08/2019 1 06/08/2019 News article